Aus meinem Leben /

Hlavní autor: Unger, William, 1837-1932
Jazyk: Němčina
Vydáno: Wien : Gesellschaft für vervielfältigende Kunst, 1929
Fyzický popis: 205 stran ; 8°
Knihy
Uloženo v:
LEADER 00739nam a22002412i 4500
001 001488657
003 CZ BrMZK
005 20160405103638.0
007 ta
008 150916s1929 au er|||||||||||ger d
040 |a BOA001  |b cze  |e rda 
100 1 |a Unger, William,  |d 1837-1932  |7 xx0070985  |4 aut 
245 1 0 |a Aus meinem Leben /  |c von William Unger 
264 1 |a Wien :  |b Gesellschaft für vervielfältigende Kunst,  |c 1929 
300 |a 205 stran ;  |c 8° 
336 |a text  |b txt  |2 rdacontent 
337 |a bez média  |b n  |2 rdamedia 
338 |a svazek  |b nc  |2 rdacarrier 
910 |a BOA001  |b 2-0259.757 
990 |a BK 
993 |a Y 
991 |b 201509 
996 7 |b 2618906107  |c 2-0259.757  |l MZK  |r Sklad / do 24 hodin  |n 1  |w 001523792  |u 000010  |a 1  |e BOA001  |j MZK50  |s A